000 00800nam a2200253Ia 4500
003 OSt
005 20220928112035.0
006 a|||||r|||| 00| 0
007 ta
008 220927b |||||||| |||| 00| 0 eng d
020 _c2581.4070000000002
024 _a111266
037 _b104, 14/03/2011, Indu Book Services
_cTextual
040 _aSDCL
_cSDCL
_beng
041 _2eng
_aeng
082 _aSM9:(Q), Q0
100 _aBeit-Hallahmi Benjamin Ed.
_9425988
245 0 _aPsychoanalysis and theism
_b Critical reflections on the grunbaum thesis.
260 _aLanham
_bJason Aronson
_c2010
300 _aix,188p.
_ccm.
650 _aPsychology
942 _hSM9:(Q), Q0
_cTEXL
_2CC
999 _c743002
_d743002